Famous Centenarians - Statistics

General Stats
  • This quiz has been taken 28 times
  • The average score is 7 of 28
Answer Stats
Hint Answer % Correct
100 1924 Jimmy Carter
100%
100 1923 Henry Kissinger
81%
103 1916 Kirk Douglas
81%
101 1900 The Queen Mother
77%
100 1903 Bob Hope
50%
101 1902 Leni Riefenstahl
38%
101 1888 Irving Berlin
35%
104 1916 Olivia de Havilland
27%
104 1907 Oscar Niemeyer
23%
102 1917 I. M. Pei
19%
100 1908 Claude Lévi-Strauss
15%
100 1910 Gloria Stuart
15%
100 1920 Javier Pérez de Cuéllar
15%
122 1875 Jeanne Calment
15%
100 1916 João Havelange
15%
104 1910 Luise Rainer
15%
102 1906 Albert Hofmann
12%
108 1903 Johannes Heesters
12%
100 1925 Mahathir Mohamad
12%
102 1911 Võ Nguyên Giáp
12%
102 1900 Hans-Georg Gadamer
8%
103 1909 Rita Levi-Montalcini
8%
103 1883 Celâl Bayar
4%
104 1888 Inge Lehmann
4%
100 1925 Leo Esaki
4%
102 1910 Ronald Coase
4%
102 1922 Yang Chen-Ning
4%
101 1918 Yasuhiro Nakasone
4%
No matching quizzes found
Score Distribution
Percent of People with Each Score
Percentile by Number Answered
Your Score History
You have not taken this quiz